We march /

Illustrations and brief text portray the events of the 1963 march in Washington, D.C., where the Reverend Martin Luther King Jr. delivered a historic speech.

Bibliographic Details
Main Author: Evans, Shane
Format: Book
Language:English
Published: New York : Roaring Brook Press, 2012.
Edition:1st ed.
Subjects:

MARC

Tag First Indicator Second Indicator Subfields
LEADER 00000cam a2200000 a 4500
001 in00002811007
005 20151203084043.0
008 101208s2012 nyua j 000 1 eng
010 |a  2010046862 
020 |a 9781596435391 
020 |a 1596435399 
029 1 |a AU@  |b 000046501317 
035 |a (OCoLC)ocn697036454 
035 |a (OCoLC)697036454 
040 |a DLC  |b eng  |c DLC  |d IG#  |d BDX  |d BTCTA  |d EHH  |d UIU  |d VP@  |d YDXCP  |d UtOrBLW 
042 |a lcac  |a pcc 
049 |a TXAM 
050 0 0 |a PZ7.E8924  |b We 2012 
082 0 0 |a [E]  |2 22 
100 1 |a Evans, Shane. 
245 1 0 |a We march /  |c Shane W. Evans. 
250 |a 1st ed. 
264 1 |a New York :  |b Roaring Brook Press,  |c 2012. 
300 |a 1 volume (unpaged) :  |b color illustrations ;  |c 29 cm. 
336 |a text  |b txt  |2 rdacontent 
337 |a unmediated  |b n  |2 rdamedia 
338 |a volume  |b nc  |2 rdacarrier 
500 |a "A Neal Porter book." 
520 |a Illustrations and brief text portray the events of the 1963 march in Washington, D.C., where the Reverend Martin Luther King Jr. delivered a historic speech. 
611 2 0 |a March on Washington for Jobs and Freedom  |d (1963 :  |c Washington, D.C.)  |v Juvenile fiction. 
600 1 0 |a King, Martin Luther,  |c Jr.,  |d 1929-1968  |v Juvenile fiction. 
611 2 1 |a March on Washington for Jobs and Freedom  |d (1963 :  |c Washington, D.C.)  |v Fiction. 
600 1 1 |a King, Martin Luther,  |c Jr.,  |d 1929-1968  |v Fiction. 
650 1 |a African Americans  |v Fiction. 
650 7 |a March on Washington for Jobs and Freedom, Washington, D.C., 1963  |v Fiction.  |2 sears 
600 1 7 |a King, Martin Luther,  |c Jr.,  |d 1929-1968  |v Fiction.  |2 sears 
650 7 |a African Americans  |v Fiction.  |2 sears 
938 |a Ingram  |b INGR  |n 9781596435391 
938 |a Brodart  |b BROD  |n 13347055  |c $16.99 
938 |a YBP Library Services  |b YANK  |n 8653353 
947 |a A14835910342 
945 |a PromptCat  |b 211947 
946 |a curr 
994 |a 92  |b TXA 
948 |a Cataloged  |b h  |c 2013/2/20  |d c  |e EGrant 
999 |a MARS 
999 f f |s e377d5d5-7c34-3727-9381-3b41ff55a548  |i f32822d3-72b4-3e60-ab2e-2fca6fb06262  |t 0 
952 f f |p normal  |a Texas A&M University  |b College Station  |c Sterling C. Evans Library  |d Evans: Curriculum Collection (4th floor)  |t 0  |e PZ7.E8924 We 2012  |h Library of Congress classification  |i unmediated -- volume  |m A14852540625 
998 f f |a PZ7.E8924 We 2012  |t 0  |l Evans: Curriculum Collection (4th floor)